000 01226cam a2200313 a 4500
001 4886393
003 NUST - PNEC
005 20170116181141.0
008 930521s1994 nyua 001 0 eng
010 _a 93002372
020 _a007833358X (alk. paper) :
020 _a0071134484
040 _aDLC
_cLIBRARY
_dDLC
050 0 0 _aTA350
_b.L32 1994
082 0 0 _a620.105 LAR
100 1 _aLardner, Thomas J.
245 1 0 _aMechanics of solids : an introduction /
_cT.J. Lardner, R.R. Archer.
260 _aNew York :
_bMcGraw-Hill,
_cc1994.
300 _axvii, 802 p. :
_bill. ;
_c25 cm.
500 _aIncludes index.
650 0 _aMechanics, Applied.
_xME
650 0 _aSolids.
700 1 _aArcher, Robert R.
856 4 2 _3Publisher description
_uhttp://www.loc.gov/catdir/description/mh022/93002372.html
856 4 1 _3Table of contents
_uhttp://www.loc.gov/catdir/toc/mh021/93002372.html
906 _a7
_bcbu
_corignew
_d1
_eocip
_f19
_gy-gencatlg
942 _2ddc
_cBK
999 _c70491
_d70491